| 000 | 01847 a2200253 4500 | ||
|---|---|---|---|
| 001 | 44881 | ||
| 005 | 20260407155723.0 | ||
| 008 | 260407a1988 arg spa d | ||
| 003 | AR-UNSa-BCEJYS | ||
| 040 |
_aAR-UNSa-BCEJYS _bspa _cAR-UNSa-BCEJYS |
||
| 080 |
_a330.43 _xEconometría |
||
| 245 | 1 | 0 | _aEconometría básica |
| 020 | _a968-451-027-6 | ||
| 264 | 1 |
_aMéxico : _bMcGraw-Hill _c1988 |
|
| 300 |
_axxii, 463 p. _c23 cm. |
||
| 505 | _aParte I: Modelos de regresión uniecuacionales : 1. Naturaleza del análisis de regresión - 2. Modelos de regresión con dos variables: Algunas ideas básicas - 3. Modelos de regresión con dos variables: El problema de estimación - 4. Supuesto de normalidad: Modelo clásico de regresión lineal normal - 5. Regresión con dos variables: Estimación de intervalos y prueba de hipótesis – 6. Análisis de regresión múltiple: el problema de estimación – 7. Análisis de regresión múltiple: el problema de la Inferencia – 8. Enfoque matricial en el modelo de regresión lineal – Parte II: Violación de los supuestos del modelo clásico: 9. Multicolinealidad – 10. Heteroscedasticidad – 11. Autocorrelación – Parte III: Otros temas de econometría: 12. Modelos autoregresivos y de rezagos distribuidos – 13. Regresión de una variable dicótoma – 14. Regresión con una variable dependiente dicótoma – 15. Modelos uniecuacionales: otros temas – Parte IV: Modelos de ecuaciones simultáneas – 17. El problema de la identificación – 18. Métodos para ecuaciones simultáneas - | ||
| 041 | _aspa | ||
| 942 | _cBK | ||
| 590 | _aniveau_biblio:m niveau_hierar:0 | ||
| 100 | 1 | _aMesa, Juan Manuel | |
| 700 | 1 | _aGujarati, Damodar N. | |
| 700 | 1 | _aRamírez, Manuel | |
| 856 | 4 | 1 |
_uhttps://www.biblioeco.unsa.edu.ar/pmb/images/libros/L127012.jpg _yImagen de portada _qimage/jpeg |
| 999 |
_c3830 _d3830 |
||